000 00304nam a2200133Ia 4500
008 150301s2015 xx 000 0 und d
082 _a614.1
_bF12C
100 _aCHAURASIA
245 _aTB OF FORENSIC PHARMACY
260 _bCBS- DELHI
300 _a480
650 _aPHARMACEUTICS
942 _2ddc
_cBK
_01
999 _c7315
_d7315